000 01374nam a2200289 4500
001 178883
003 ES-MaACL
005 20251118182001.0
008 110727s2010 sp abd |||| |dspa d
020 _a978-84-608-1008-7
080 _a378.126(460)
245 0 3 _aLa formación del profesorado de la Universidad Alfonso X el Sabio ante el reto de Bolonia /
_ccoordinación, Agustín de la Herrán, Fernando Pérez y Verónica Díaz.
260 _a[Madrid] :
_bFundación Universidad Alfonso X el Sabio,
_c2010.
300 _a296 p. :
_bgráf., mapas, fot. ;
_c24 cm.
504 _aReferencias bibliográficas.
505 8 _aContiene: ;
_tLos grandes retos de la educación en el siglo XXI /
_rFederico Mayor Zaragoza. --
_tReferencias básicas sobre el proceso de Bolonia
650 7 _aProfesores universitarios-
_zEspaña.
_9139944
650 4 _aProfesores universitarios-
_xFormación profesional.
_9147439
700 1 _aHerrán Gascón, Agustín de la,
_d1963-
_963155
700 1 _aPérez, Fernando,
_d1943-
_9147436
700 1 _aDíaz, Verónica.
_9147437
700 1 _aMayor Zaragoza, Federico,
_d1934-2024
_979415
710 2 _aUniversidad Alfonso X el Sabio.
_9147438
852 _aES-MaACL
_jA-11378
_9185749
_bR.145764
_cDEPO1
_dOlim: N-4382
_xDonación editorial
942 _2udc
_cMONOGRAFIA
999 _c178883
_d178883